00489nam a2200169Ia 4500008004100000041001200041082001200053100001900065245006000084365000700144520001200151546001200163630006000175650001200235655001200247730006000259101110s9999 xx 000 0 und d aENGLISH bSR15432 aChoudhari B.P. aGeoggrey Chaucer : The Prologue to the canterbury Tales b26 aEnglish aENGLISH aGeoggrey Chaucer : The Prologue to the canterbury Tales aEnglish aEnglish aGeoggrey Chaucer : The Prologue to the canterbury Tales